<?xml version="1.0" encoding="UTF-8"?>
<record
    xmlns:xsi="http://www.w3.org/2001/XMLSchema-instance"
    xsi:schemaLocation="http://www.loc.gov/MARC21/slim http://www.loc.gov/standards/marcxml/schema/MARC21slim.xsd"
    xmlns="http://www.loc.gov/MARC21/slim">

  <leader>00894nam a22002417a 4500</leader>
  <controlfield tag="001">3340</controlfield>
  <controlfield tag="003">HMS</controlfield>
  <controlfield tag="005">20260513104846.0</controlfield>
  <controlfield tag="008">260513e2017    cl ao||grn||| 001 0 spa  </controlfield>
  <datafield tag="020" ind1=" " ind2=" ">
    <subfield code="a">9789563932010</subfield>
  </datafield>
  <datafield tag="040" ind1=" " ind2=" ">
    <subfield code="a">hms</subfield>
    <subfield code="b">spa</subfield>
    <subfield code="c">hms</subfield>
  </datafield>
  <datafield tag="082" ind1="0" ind2="4">
    <subfield code="a">983.00461 G216</subfield>
  </datafield>
  <datafield tag="100" ind1="1" ind2=" ">
    <subfield code="a">Garc&#xED;a-Cuerdas S&#xE1;nchez-Lollane, Juan Antonio </subfield>
    <subfield code="e">autor</subfield>
    <subfield code="9">5911</subfield>
  </datafield>
  <datafield tag="245" ind1="1" ind2="3">
    <subfield code="a">El Hogar Espa&#xF1;ol de Santiago de Chile:</subfield>
    <subfield code="b">Cien a&#xF1;os de historia : (1916-2016) /</subfield>
    <subfield code="c">Juan Antonio Garc&#xED;a-Cuerdas S&#xE1;nchez-Lollano</subfield>
    <subfield code="h">[libro]</subfield>
  </datafield>
  <datafield tag="250" ind1=" " ind2=" ">
    <subfield code="a">Primera edici&#xF3;n, noviembre de 2017</subfield>
  </datafield>
  <datafield tag="260" ind1=" " ind2=" ">
    <subfield code="a">Santiago de Chile :</subfield>
    <subfield code="b">Edita Hogar Espa&#xF1;ol ;</subfield>
    <subfield code="b">Grafica Jory Ltda,</subfield>
    <subfield code="c">2017</subfield>
  </datafield>
  <datafield tag="300" ind1=" " ind2=" ">
    <subfield code="a">280 p&#xE1;ginas :</subfield>
    <subfield code="b">ilustraciones ;</subfield>
    <subfield code="c">24 cm.</subfield>
  </datafield>
  <datafield tag="500" ind1=" " ind2=" ">
    <subfield code="a">Incluye &#xED;ndice</subfield>
  </datafield>
  <datafield tag="504" ind1=" " ind2=" ">
    <subfield code="a">Incluye bibliograf&#xED;a </subfield>
  </datafield>
  <datafield tag="610" ind1=" " ind2=" ">
    <subfield code="a">Hogar Espa&#xF1;ol</subfield>
    <subfield code="x">Orfanatos</subfield>
    <subfield code="9">5912</subfield>
  </datafield>
  <datafield tag="650" ind1=" " ind2="7">
    <subfield code="a">Beneficencia Espa&#xF1;a</subfield>
    <subfield code="x">Orfanato</subfield>
    <subfield code="z">Chile</subfield>
    <subfield code="9">5913</subfield>
  </datafield>
  <datafield tag="942" ind1=" " ind2=" ">
    <subfield code="2">ddc</subfield>
    <subfield code="c">COL GRAL</subfield>
    <subfield code="n">0</subfield>
  </datafield>
  <datafield tag="999" ind1=" " ind2=" ">
    <subfield code="c">3340</subfield>
    <subfield code="d">3340</subfield>
  </datafield>
  <datafield tag="952" ind1=" " ind2=" ">
    <subfield code="0">0</subfield>
    <subfield code="1">0</subfield>
    <subfield code="2">ddc</subfield>
    <subfield code="4">0</subfield>
    <subfield code="7">0</subfield>
    <subfield code="8">col.gral</subfield>
    <subfield code="a">BHMS</subfield>
    <subfield code="b">BHMS</subfield>
    <subfield code="c">DISPLAY</subfield>
    <subfield code="d">2026-02-04</subfield>
    <subfield code="e">Donaci&#xF3;n BCN</subfield>
    <subfield code="i">0003327</subfield>
    <subfield code="l">0</subfield>
    <subfield code="o">983.00461 G216 2017</subfield>
    <subfield code="p">0003327</subfield>
    <subfield code="r">2026-05-13 10:50:00</subfield>
    <subfield code="t">c.1</subfield>
    <subfield code="w">2026-05-13</subfield>
    <subfield code="y">COL GRAL</subfield>
  </datafield>
</record>
